Loading...
| LEADER | 00578nam a22001337a 4500 | ||
|---|---|---|---|
| 100 | |a Tannan, M L |9 369 | ||
| 245 | |a Tannan's banking law and practice in India |b Volume 1 : Treatise | ||
| 250 | |a ed. 21 | ||
| 260 | |a New Delhi |b Wadhwa |c 2005 | ||
| 653 | |a Banking | ||
| 942 | |c BBS |6 _ | ||
| 999 | |c 184491 |d 184491 | ||
| 952 | |0 0 |1 0 |4 0 |6 34773403_TAN0511 |7 0 |9 237882 |a SLS |b SLS |d 2008-12-24 |l 1 |o 347.734(03) TAN'05.1;1 |p SLS025198 |r 2014-10-09 |s 2014-10-07 |t 2 |w 2008-12-24 |y BBS | ||
| 952 | |0 0 |1 0 |4 0 |6 34773403_TAN051 |7 0 |9 237883 |a SLS |b SLS |d 2008-12-24 |o 347.734(03) TAN'05.1 |p SLS025201 |r 2008-12-24 |t 1 |w 2008-12-24 |y BBS | ||